000 00393 a2200157 4500
001 75648
020 _a8570567529
040 _cAnchieta - Colégio São Paulo
100 _aAndrade, Telma Guimarães Castro
240 1 0 _aO caderno de perguntas de Rebeca
_lpor
245 1 0 _aO caderno de perguntas de Rebeca
300 _a65
362 0 _a1995
650 4 _aLiteratura juvenil
942 _cBK
999 _c75648
_d75648